| 000 | 00512nam a2200169 i 4500 | ||
|---|---|---|---|
| 001 | 130509 | ||
| 003 | ES-MaACL | ||
| 007 | t| | ||
| 008 | 070731s1986 sp ||||1| spa d | ||
| 020 | _a84-01-80723-9 | ||
| 100 | 1 |
_aZaragoza, Cristóbal. _9118028 |
|
| 245 | 1 | 0 |
_aAl fin, la libertad _b: un parado en el "Topless" / _cCristóbal Zaragoza. |
| 250 | _a1ª ed. | ||
| 260 |
_aEsplugues de Llobregat, Barcelona : _bPlaza & Janés, _c1986. |
||
| 300 |
_a254 p. ; _c21 cm. |
||
| 852 |
_aES-MaACL _jL-9657 _bR.111667 |
||
| 999 |
_c130509 _d130509 |
||